00870cam a22002651 4500001001300000003000400013005001700017008004100034010001700075035001900092040001800111042001200129050001800141100004100159245007700200260002000277300002500297490006100322490007200383500001900455650001500474810005800489830004000547999001700587cd 40000032 DLC20260227111147.0750324s1939 xx 000 0 eng  acd 40000032  a(OCoLC)1234653 aDLCcMeBdDLC apremarc00aQL668.E2bS331 aSchmidt, Karl Patterson,d1890-1957.10aNew Central American frogs of the genus Hypopachus,cby Karl P. Schmidt. aChicago,c1939. a5 p.billus.c24 cm.1 a[Field Museum of Natural History. Publication]vno. 4351 aZoological series of Field Museum of Natural History,vv. 24, no. 1 aCaption title. 0aHypopachus2 aChicago Natural History Museum.tPublications ;v435. 0aFieldiana: zoology ;vv. 24, no. 1. c18542d18542